000
00279nam a22001217a 4500
020
_a
8126504528
082
_2
22
_a
005.117
100
_a
Pender, Tom.
245
_a
UML 2 bible /
260
_a
USA,
_b
John Wiley,
_c
c2011.
300
_a
xxviii, 940p. ;
_b
ill. ;
_c
23 cm.
942
_2
ddc
_c
IT
999
_c
485
_d
485